000 00854nac a22002537a 4500
001 BR8204826
003 BR-BrBNA
005 20240105115453.0
008 230509b bl.|||m| |||| 00| 0 por d
040 _aBR-BrBNA
_bpor
_cBiblioteca Nacional de Agricultura
072 _aE10; A50
090 _aE10 BR8204826
100 1 _aMueller, C.C.
110 1 _aFundacao Universidade de Brasilia, DF (Brasil). Depto. de Economia
_95043
245 1 _aA pesquisa em economia agricola - estado atual e perspectivas [Brasil]
260 3 _aBrasilia, DF (Brasil):
_c1982.
300 _a67 p.
490 _aTexto para Discussao - Fundacao Universidade de Brasilia. Depto. de Economia (Brazil)
_vno. 90
_x
500 _a7 tables
650 _aECONOMIA AGRICOLA
650 _aPESQUISA
909 _a202312
_bLúcia Elande
_c55
_dLúcia Elande
942 _2AGRIS
_n0
_cMS
999 _c274972
_d274972